Textbook of nanochemistry / (Record no. 51641)

MARC details
000 -LEADER
fixed length control field 00474nam a2200181Ia 4500
005 - DATE AND TIME OF LATEST TRANSACTION
control field 20260429111948.0
008 - FIXED-LENGTH DATA ELEMENTS--GENERAL INFORMATION
fixed length control field 260429s9999||||xx |||||||||||||| ||und||
020 ## - INTERNATIONAL STANDARD BOOK NUMBER
International Standard Book Number 9789382126256
041 ## - LANGUAGE CODE
Language English
082 ## - DEWEY DECIMAL CLASSIFICATION NUMBER
Classification number 620.5
Item number KHA
100 ## - MAIN ENTRY--PERSONAL NAME
Personal name Khanna, O.P.
245 #0 - TITLE STATEMENT
Title Textbook of nanochemistry /
Statement of responsibility, etc O.P. Khanna
260 ## - PUBLICATION, DISTRIBUTION, ETC. (IMPRINT)
Place of publication, distribution, etc New Delhi :
Name of publisher, distributor, etc Astha Publishers,
Date of publication, distribution, etc 2014.
300 ## - PHYSICAL DESCRIPTION
Extent viii, 280 p.; hb
650 ## - SUBJECT ADDED ENTRY--TOPICAL TERM
Topical term or geographic name as entry element Nanochemistry
650 ## - SUBJECT ADDED ENTRY--TOPICAL TERM
Topical term or geographic name as entry element Nanotechnology
942 ## - ADDED ENTRY ELEMENTS (KOHA)
Koha item type Text Books
Holdings
Withdrawn status Lost status Damaged status Not for loan Collection code Home library Location Shelving location Date of Cataloging Source of acquisition Total Checkouts Full call number Barcode Date last seen Price effective from Koha item type
        Non-fiction CUTN Central Library CUTN Central Library Medicine, Technology & Management 29/04/2026 Chennai Book Agency, Chennai - Invoice No. 24-25/0154 on 10-02-2026   620.5 KHA 56669 29/04/2026 29/04/2026 Text Books